000 00411nam a2200169Ia 4500
003 GCL
008 140319s9999 xx 000 0 ara d
040 _aGCL /
_cGCL
082 0 4 _a813.03
_bن غ
100 1 _aنبيل عريضه
245 1 0 _aغروب الالهة /
_cنبيل عريضه
300 _a160 ص
490 _a
650 0 4 _aالادب العربى
650 0 4 _aالقصص
942 _2ddc
_cBK
999 _c40641
_d40641